| 000 | 02621nam a22002177a 4500 | ||
|---|---|---|---|
| 008 | 171211b xxu||||| |||| 00| 0 eng d | ||
| 020 | _a1568980280 | ||
| 082 |
_21995 _aDC 720.94 _bH11 |
||
| 245 |
_aOn continuity / _cedited by Rosamund Diamond, Wilfried Wang. |
||
| 260 |
_aCambridge, Mass. : _b 9H Publications, _c©1995. |
||
| 300 |
_aviii, 288 pages : _bcolored illustrations ; _c31 cm. |
||
| 440 |
_924748 _a9H ; no. 9. |
||
| 500 | _aIncludes bibliographical references. | ||
| 505 | _aParrhasius' veil : Lewerentz' journey to Italy / Luis Moreno Mansilla -- Lilly Reich, 1885-1947 / Sonja Günther -- Six houses revisited / Arthur Rüegg -- Coloured dots on a grey background : six key buildings of modern architecture in central Europe / Adolph Stiller -- The renovation of Neubühl / Arthur Rüegg -- Hans Döllgast : an outsider of modern architecture / Winfried Nerdinger -- Hans Döllgast and the Alte Pinakothek / Erich Altenhöfer -- Cleon Crantonellis : an elusive figure / Dimitri Philipides -- On the work of Luigi Caccia Dominioni / Astrid Staufer -- The art of being Portuguese / Eduardo Souto de Moura -- The ancient and modern in the architecture of Fernando Távora / Bernardo José Ferrão -- Ernö Léstyán, transformer station, Budapest, 1966-69 / András Ferkai -- "Architecture cannot be invented" : the work of Klas Anshelm / Olle Svedberg -- Building character : modern construction beyond determinism in the work of Frank Lloyd Wright and Louis Kahn / Kevin Kieran with Larry Bowne -- Factory complex, Melsungen, by Stirling, Wilford and Nägeli / Walter Nägeli and Renzo Vallebuona -- Review of factory complex, Melsungen / Bruno Reichlin --Memory and thought : on the forest chapel, Ramingstein / Friedrich Achleitner -- The mountain chapel of Ramingstein / Friedrich Kurrent -- A pavilion for paintings of Brian Maguire / Sheila O'Donnell and John Tuomey -- Review of the Irish pavilion / Shane O'Toole -- Truck shed, Rolvsøy, and house, Oslo / Jan Olav Jensen -- Lepers' colony, Lasur, 1983-84 / Per Christian Brynhildsen and Jan Olav Jensen -- Back to basics / Ulf Gronvøld -- Review of La Congiunta di Giornico / Marcel Meili -- La Congiunta / Peter Märkli -- Points of departure : a review of the Andy Warhol Museum / Leah Kreger -- The Warhol Museum, Pittsburgh / Richard Gluckman -- Museums today / Dietmar Steiner. | ||
| 650 | 0 |
_924749 _aArchitecture, Modern _y20th century. |
|
| 650 | 0 |
_924750 _aArchitecture, Postmodern. |
|
| 650 | 0 |
_924751 _aForm (Aesthetics). |
|
| 700 |
_924752 _aDiamond, Rosamund,editor. |
||
| 700 |
_924753 _aWang, Wilfried,editor. |
||
| 942 |
_2ddc _cDC |
||
| 999 |
_c8027 _d8027 |
||